<?xml version="1.0" encoding="UTF-8"?>
<record
    xmlns:xsi="http://www.w3.org/2001/XMLSchema-instance"
    xsi:schemaLocation="http://www.loc.gov/MARC21/slim http://www.loc.gov/standards/marcxml/schema/MARC21slim.xsd"
    xmlns="http://www.loc.gov/MARC21/slim">

  <leader>00552    a2200157   4500</leader>
  <controlfield tag="001">ART_54455</controlfield>
  <controlfield tag="005">20260410161800.0</controlfield>
  <controlfield tag="008">260409a                                 </controlfield>
  <datafield tag="245" ind1="1" ind2="0">
    <subfield code="a">Una propuesta de reforma tributaria para la reactivaci&#xF3;n de la producci&#xF3;n y el nivel de empleo para el per&#xED;odo post pand&#xE9;mico</subfield>
  </datafield>
  <datafield tag="100" ind1="1" ind2=" ">
    <subfield code="a">Abelenda, Patricia</subfield>
  </datafield>
  <datafield tag="700" ind1="1" ind2=" ">
    <subfield code="a">Alzueta, Ger&#xF3;nimo</subfield>
  </datafield>
  <datafield tag="700" ind1="1" ind2=" ">
    <subfield code="a">Dreiling, Paola E.</subfield>
  </datafield>
  <datafield tag="700" ind1="1" ind2=" ">
    <subfield code="a">Fern&#xE1;ndez, Margarita</subfield>
  </datafield>
  <datafield tag="700" ind1="1" ind2=" ">
    <subfield code="a">Verrastro, Mar&#xED;a L.</subfield>
  </datafield>
  <datafield tag="773" ind1="0" ind2=" ">
    <subfield code="t">Doctrina tributaria</subfield>
    <subfield code="g">- N&#xB0;500 (nov. 2021)</subfield>
    <subfield code="w">REV4296</subfield>
  </datafield>
  <datafield tag="999" ind1=" " ind2=" ">
    <subfield code="c">20478</subfield>
    <subfield code="d">20478</subfield>
  </datafield>
</record>
